Random U.S. States on a Map - By Largest City - Statistics

General Stats
  • This quiz has been taken 62 times
  • The average score is 11 of 15
Answers on the Map
Answers color-coded by a green-red scale on the quiz's map according to % correct below.
 
Answer Stats
State % Correct
Albuquerque
100%
Birmingham
100%
Boise
100%
Boston
100%
Charleston
100%
Charleston
100%
Chicago
100%
Cleveland
100%
Denver
100%
Detroit
100%
Fargo
100%
Honolulu
100%
Indianapolis
100%
Kansas City
100%
Las Vegas
100%
Little Rock
100%
Los Angeles
100%
Louisville
100%
Minneapolis
100%
Nashville
100%
New Orleans
100%
New York City
100%
Omaha
100%
Philadelphia
100%
Phoenix
100%
Portland
100%
Salt Lake City
100%
Seattle
100%
Baltimore
67%
Portland
67%
Anchorage
50%
Burlington
50%
Des Moines
50%
Providence
50%
Atlanta
0%
Billings
0%
Bridgeport
0%
Charlotte
0%
Cheyenne
0%
Dallas-Fort Worth
0%
Jackson
0%
Manchester
0%
Miami
0%
Milwaukee
0%
Newark
0%
Oklahoma City
0%
Sioux Falls
0%
Virginia Beach
0%
Wichita
0%
Wilmington
0%
No matching quizzes found
Score Distribution
Percent of People with Each Score
Percentile by Number Answered
Your Score History
You have not taken this quiz